| 000 | 00682nam a2200193 4500 | ||
|---|---|---|---|
| 001 | 122911 | ||
| 003 | ES-MaACL | ||
| 007 | t| | ||
| 008 | 070214s1948 sp r ||||0| spa d | ||
| 100 | 1 |
_aPullen, Roscoe Le Roy. _994382 |
|
| 245 | 1 | 0 |
_aDiagnóstico clínico _b: diagnóstico físico aplicado / _cRoscoe Le Roy Pullen ; prólogo de John H. Musser ; traducción del inglés por Salvador de Almenara Lucas. |
| 250 | _a1ª. ed. | ||
| 260 |
_aBarcelona : _bSalvat, _c1948. |
||
| 300 |
_aXIV, 994 p., 10 lám : _bil ; _c26 cm. |
||
| 700 | 1 |
_aMusser, John H. _9217334 |
|
| 700 | 1 |
_aAlmenara Lucas, Salvador de. _920137 |
|
| 852 |
_aES-MaACL _jE-1593 _bR.27149 |
||
| 999 |
_c122911 _d122911 |
||